• 首页
  • 本馆介绍
  • 公告通知
  • 最新文献
  • 馆藏检索
  • 电子资源
  • 读者导购
  • 参考咨询
  • 我的图书馆
  • 登录
  • 详细信息显示
  • 放入我的书架
  • 预约/预借图书
  • 作者相关作品
  • 分类相关作品
  • 丛书相关作品
  • 出版社相关作品

书目信息

  • 表格格式
  • 工作单格式
  • 卡片格式
题名:
一战传奇
    
 
作者: 李恩杰 , 姚萱 编著
分册:  
出版信息: 太原   山西教育出版社  2014
页数: 267页
开本: 22cm
丛书名:
单 册:
中图分类: K143
科图分类:
主题词: 第一次世界大战--史料 , 第一次世界大战
电子资源:
ISBN: 978-7-5440-6631-0
000 00946nam0 2200265 450
001 3293
005 20180527144254.52
010    @a978-7-5440-6631-0@dCNY18.00
090    @aK14@blej
100    @a20140429d2014 em y0chiy50 ea
101 0  @achi
102    @aCN@b140000
105    @aa z 000yy
200 1  @a一战传奇@9yi zhan chuan qi@dThe legend of the First World War@f李恩杰,姚萱编著@zeng
210    @a太原@c山西教育出版社@d2014
215    @a267页@c图,照片@d22cm
330    @a本书内容包括:萨拉热窝的寒战——点燃一战导火索、一扇巨大的旋转门——施里芬计划、两败俱伤——毒气战、冒险家的乐园——加利波利激战、高估自己的结果——帝国溃败、矛盾依然尖锐——战火熄灭等。
510 1  @aLegend of the First World War@zeng
606 0  @a第一次世界大战@j史料
606 0  @a第一次世界大战
690    @aK143@v5
701  0 @a李恩杰@9li en jie@4编著
701  0 @a姚萱@9yao xuan@4编著
801  0 @aCN@bNLC@c20140429
905    @aMuseLib@dK143@e272
    
    一战传奇=The legend of the First World War/李恩杰,姚萱编著.-太原:山西教育出版社,2014
    267页:图,照片;22cm
    
    
    ISBN 978-7-5440-6631-0:CNY18.00
    本书内容包括:萨拉热窝的寒战——点燃一战导火索、一扇巨大的旋转门——施里芬计划、两败俱伤——毒气战、冒险家的乐园——加利波利激战、高估自己的结果——帝国溃败、矛盾依然尖锐——战火熄灭等。
●
相关链接 在E读中查询图书 在五车中查询图书 在当当中查询图书 在豆瓣中查询图书


正题名:一战传奇     索取号:K143/272         预约/预借

序号 登录号 条形码 馆藏地/架位号 状态 备注
1 1108620   211086206   第二样本阅览室/ [索取号:K143/272] 在馆    
2 1108621   211086215   教育系资料室/ [索取号:K143/272] 在馆    
3 1108622   211086224   教育系资料室/ [索取号:K143/272] 在馆    
4 1108623   211086233   第二借阅区/ [索取号:K143/272] 在馆    
唐山师范学院图书馆 欢迎您!
大连网信软件有限公司© 版权所有